The dynamics of bargaining games / (Record no. 8405)

MARC details
000 -LEADER
fixed length control field 00949cam a2200157 a 4500
020 ## - INTERNATIONAL STANDARD BOOK NUMBER
ISBN 0132221187 :
050 00 - CALL NUMBER
Classification number BF637.N4
Item number .M 88
100 1# - AUTHOR
Personal name Murnighan, John Keith.
245 14 - TITLE
Title The dynamics of bargaining games /
Statement of responsibility, etc J. Keith Murnighan.
260 ## - PUBLICATION INFORMATION
Place of publication Englewood Cliffs, N.J. :
Name of publisher Prentice Hall,
Year of publication c1991.
300 ## - DESCRIPTION
Number of Pages xiv, 226 p. ;
Dimensions 24 cm.
505 ## - FORMATTED CONTENTS NOTE
Table of Content 1. Introduction <br/>2. The Gas Station Game<br/>3. The Noncontact Silent Bargaining Game <br/>4. The Everyone Has a Number Market<br/>5. The Battle of the Sexes <br/>6. The Volunteer Dilemma <br/>7. The Dollar Auction <br/>8. The Information Game<br/>9. The Highest Number Game<br/>10. The Diamond Bidding Game <br/>11. The Ultimatum Game <br/>12. The Game OF Chicken <br/>13 The Game <br/>14. The Game of Envelopes and Money <br/>15. The interdisciplinary Research Game <br/>16. The Multiple Item Game <br/>17. Ethics and Bargaining <br/>18. Games' End <br/><br/><br/> <br/>
650 #0 - SUBJECTS
Topical Term Negotiation.
650 #0 - SUBJECTS
Topical Term Negotiation in business.
942 ## - ADDED ENTRY ELEMENTS (KOHA)
Koha item type Books
Holdings
Withdrawn status Lost status Collection code Home library Current library Shelving location Date acquired Source of acquisition Full call number Accession Number Koha item type
    Reference Methodist University Library Main Methodist University Library Main General Stacks 12/09/2024 Donated by Professor Dr. Augustus Abbey and Fam,ily BF637.N4 .M 88 8937 Books
Copyright © 2026  MUG Library